Plastic Design in steel to B.S. 968 (Record no. 546872)
[ view plain ]
| 000 -LEADER | |
|---|---|
| fixed length control field | 00398nam a22001455a 4500 |
| 082 ## - DEWEY DECIMAL CLASSIFICATION NUMBER | |
| Classification number | 624.1821 |
| Author Mark | PLA |
| -- | L-21 P-1 |
| 100 1# - MAIN ENTRY--PERSONAL NAME | |
| Personal name | Barker. |
| 9 (RLIN) | 43071 |
| 245 10 - TITLE STATEMENT | |
| Title | Plastic Design in steel to B.S. 968 |
| 260 ## - PUBLICATION, DISTRIBUTION, ETC. | |
| Place of publication, distribution, etc. | London : |
| Name of publisher, distributor, etc. | B.C.S.A : |
| Date of publication, distribution, etc. | 1963- |
| 300 ## - PHYSICAL DESCRIPTION | |
| Extent | 23p.; |
| Dimensions | 28 cm. |
| 500 ## - GENERAL NOTE | |
| General note | English, Sinhalese, and Tamil. |
| 526 ## - STUDY PROGRAM INFORMATION NOTE | |
| Program name | 0 |
| Interest level | 0 |
| Reading level | 0 |
| Title point value | 624_182100000000000_PLA |
| 650 ## - SUBJECT ADDED ENTRY--TOPICAL TERM | |
| Topical term or geographic name entry element | MCE |
| 9 (RLIN) | 379 |
| 942 ## - ADDED ENTRY ELEMENTS (KOHA) | |
| Source of classification or shelving scheme | |
| Koha item type | Book |
| Withdrawn status | Lost status | Source of classification or shelving scheme | Damaged status | Not for loan | Permanent Location | Current Location | Date acquired | Total Checkouts | Full call number | Barcode | Date last seen | Price effective from | Koha item type |
|---|---|---|---|---|---|---|---|---|---|---|---|---|---|
| Military College of Engineering (MCE) | Military College of Engineering (MCE) | 06/20/2014 | 624.1821 PLA | MCE-2280 | 06/20/2014 | 06/20/2014 | Book |
